| 000 | 00452nam a2200169 4500 | ||
|---|---|---|---|
| 001 | 136581 | ||
| 003 | ES-MaACL | ||
| 005 | 20230906195155.0 | ||
| 007 | t| | ||
| 008 | 070214s1966 sp r ||||1| spa d | ||
| 080 | _a82-992"19" | ||
| 100 | 1 |
_aRussell, Dora Isella. _9101037 |
|
| 245 | 1 | 0 |
_aCrónicas andariegas / _cDora Isella Russell. |
| 260 |
_aMadrid : _bCultura Hispánica, _c1966. |
||
| 300 |
_a148 p. ; _c18 cm. |
||
| 852 |
_aES-MaACL _jC-31187 |
||
| 999 |
_c136581 _d136581 |
||